NPB オールスターファン投票最多得票 - Statistics

General Stats
  • This quiz has been taken 25 times
  • The average score is 68 of 148
Answer Stats
Hint Answer 票数 所属 % Correct
1995 イチロー 994,933 オリックス
95%
1996 イチロー 865,086 オリックス
95%
1997 イチロー 825,950 オリックス
95%
1998 イチロー 660,833 オリックス
95%
1999 イチロー 1,346,504 オリックス
95%
2000 イチロー 1,157,018 オリックス
95%
1961 長嶋茂雄 100,497 巨人
80%
1962 王貞治 74,521 巨人
80%
1963 王貞治 80,254 巨人
80%
1964 王貞治 75,319 巨人
80%
1965 王貞治 116,652 巨人
80%
1966 王貞治 69,032 巨人
80%
1967 長嶋茂雄 115,495 巨人
80%
1968 長嶋茂雄 72,081 巨人
80%
1969 長嶋茂雄 112,837 巨人
80%
1970 長嶋茂雄 133,216 巨人
80%
1973 長嶋茂雄 56,931 巨人
80%
1974 長嶋茂雄 65,944 巨人
80%
1975 王貞治 80,419 巨人
80%
1976 王貞治 241,771 巨人
80%
1977 王貞治 249,556 巨人
80%
1978 王貞治 507,254 巨人
80%
1979 王貞治 286,508 巨人
80%
1980 王貞治 299,342 巨人
80%
2016 山田哲人 467,633 ヤクルト
80%
1966 野村克也 71,703 南海
80%
1970 野村克也 98,799 南海
80%
1976 野村克也 214,238 南海
80%
1998 松井秀喜 570,815 巨人
75%
2000 松井秀喜 911,347 巨人
75%
2001 松井秀喜 750,476 巨人
75%
2002 松井秀喜 1,298,046 巨人
75%
2021 佐藤輝明 435,605 阪神
75%
2022 村上宗隆 400,097 ヤクルト
75%
2024 村上宗隆 969,965 ヤクルト
75%
2016 柳田悠岐 521,685 ソフトバンク
75%
2017 柳田悠岐 509,359 ソフトバンク
75%
2018 柳田悠岐 619,150 ソフトバンク
75%
2023 柳田悠岐 725,834 ソフトバンク
75%
1990 清原和博 327,463 西武
70%
1991 清原和博 312,420 西武
70%
1993 清原和博 363,559 西武
70%
2002 ローズ 1,241,803 近鉄
70%
2003 ローズ 1,329,273 近鉄
70%
2006 清原和博 806,021 オリックス
70%
1986 バース 159,778 阪神
65%
2013 バレンティン 328,032 ヤクルト
65%
2015 筒香嘉智 443,313 横浜
65%
2019 山川穂高 531,187 西武
65%
2022 山川穂高 461,740 西武
65%
1977 福本豊 297,888 阪急
60%
1979 福本豊 228,957 阪急
60%
1980 福本豊 220,400 阪急
60%
1983 福本豊 281,896 阪急
60%
1988 秋山幸二 133,179 西武
60%
1992 秋山幸二 403,889 西武
60%
1994 秋山幸二 509,964 ダイエー
60%
2021 吉田正尚 448,305 オリックス
60%
2024 万波中正 1,314,833 日本ハム
60%
2025 万波中正 758,826 日本ハム
60%
1994 新庄剛志 434,906 阪神
55%
1999 新庄剛志 915,773 阪神
55%
2003 今岡誠 1,588,712 阪神
55%
2008 青木宣親 343,453 ヤクルト
55%
2010 前田健太 435,375 広島
55%
2011 青木宣親 334,586 ヤクルト
55%
2025 森下翔太 778,130 阪神
55%
2015 森友哉 536,267 西武
55%
1985 掛布雅之 157,161 阪神
50%
1987 原辰徳 169,315 巨人
50%
1988 原辰徳 109,502 巨人
50%
1993 古田敦也 443,095 ヤクルト
50%
1997 古田敦也 577,201 ヤクルト
50%
2014 丸佳浩 359,554 広島
50%
2019 鈴木誠也 485,526 広島
50%
2023 近本光司 769,587 阪神
50%
2001 城島健司 643,175 ダイエー
50%
2004 城島健司 842,783 ダイエー
50%
2005 城島健司 705,999 ソフトバンク
50%
2009 稲葉篤紀 498,353 日本ハム
50%
2012 稲葉篤紀 426,066 日本ハム
50%
1951 藤村富美男 75,715 大阪
45%
1952 藤村富美男 29,256 大阪
45%
1954 川上哲治 164,417 巨人
45%
1981 山本浩二 247,866 広島
45%
1982 山本浩二 213,550 広島
45%
2004 阿部慎之助 802,426 巨人
45%
2005 赤星憲広 605,468 阪神
45%
2012 鳥谷敬 293,825 阪神
45%
2017 鳥谷敬 471,327 阪神
45%
2007 山崎武司 1,094,803 楽天
40%
2013 糸井嘉男 439,518 オリックス
40%
2014 糸井嘉男 487,246 オリックス
40%
1989 門田博光 111,645 オリックス
35%
1989 池山隆寛 131,037 ヤクルト
30%
1991 池山隆寛 272,026 ヤクルト
30%
1984 大石大二郎 238,055 近鉄
30%
1985 大石大二郎 263,172 近鉄
30%
1986 大石大二郎 233,934 近鉄
30%
1987 大石大二郎 131,831 近鉄
30%
1955 吉田義男 203,657 大阪
25%
1956 吉田義男 184,890 大阪
25%
1957 吉田義男 184,370 大阪
25%
1995 江藤智 513,708 広島
25%
1996 江藤智 599,961 広島
25%
2007 前田智徳 634,711 広島
25%
2009 栗原健太 441,840 広島
25%
2006 藤川球児 673,120 阪神
20%
1958 中西太 220,134 西鉄
20%
2011 嶋基宏 281,982 楽天
20%
1983 中畑清 280,737 巨人
15%
1984 中畑清 155,922 巨人
15%
1990 クロマティ 241,887 巨人
15%
1954 大下弘 123,109 西鉄
15%
1992 亀山努 502,650 阪神
10%
2018 山崎康晃 476,185 横浜
10%
1964 広瀬叔功 63,501 南海
10%
1965 広瀬叔功 82,676 南海
10%
2008 G.G.佐藤 367,837 西武
10%
1958 田宮謙次郎 223,678 大阪
5%
1959 森徹 91,478 中日
5%
1960 森徹 126,683 中日
5%
1951 別当薫 69,809 毎日
5%
1952 別当薫 31,867 毎日
5%
1955 山内和弘 152,678 毎日
5%
1956 山内和弘 202,859 毎日
5%
1957 山内和弘 193,291 毎日
5%
1959 山内和弘 103,117 大毎
5%
1960 山内和弘 159,640 大毎
5%
1961 山内和弘 122,995 大毎
5%
1962 山内和弘 110,017 大毎
5%
1963 小玉明利 70,532 近鉄
5%
1967 土井正博 118,247 近鉄
5%
1968 土井正博 86,854 近鉄
5%
1969 長池徳士 118,300 阪急
5%
1981 梨田昌孝 250,723 近鉄
5%
1982 梨田昌孝 228,580 近鉄
5%
2010 金泰均 360,358 ロッテ
5%
1953 児玉利一 14,924 名古屋
0%
1971 黒江透修 30,210 巨人
0%
1972 黒江透修 23,665 巨人
0%
1953 筒井敬三 11,408 南海
0%
1971 池辺巌 28,965 ロッテ
0%
1972 東田正義 17,119 西鉄
0%
1973 山内新一 46,343 南海
0%
1974 太田幸司 54,759 近鉄
0%
1975 太田幸司 116,794 近鉄
0%
1978 柏原純一 378,851 日本ハム
0%
No matching quizzes found
Score Distribution
Percent of People with Each Score
Percentile by Number Answered
Your Score History
You have not taken this quiz